000 00669nam a22002537a 4500
003 UA-OsUOA
001 31073
007 ta
008 20041201b un ||||| |||| 00| 0 ukr d
100 _aНужний Д. Ю.
090 _a902(477)
_bН53
942 _cBK
040 _aUA-OsUOA
_bukr
_cUA-OsUOA
_dUA-OsUOA
245 _aРозвиток мікролітичної техніки в кам'яному віці
300 _a188 с.
_bІлюстрації
955 _a0
041 _aukr
080 _a902(477)
020 _a5-12-002684-2
260 _aКиїв
_bНаукова думка
_c1992
044 _aUA
650 7 _2UDC
999 _c317494
_d317494